Príbeh auta

Podrobná bibliografia
Hlavný autor: Růžička, Oldřich (Autor)
Ďalší autori: Pernický, Tomáš (Ilustrátor), Makaloušová, Kateřina (Ilustrátor), Nguyenová Anhová, Ľuba (Prekladateľ)
Médium: Kniha
Jazyk:slovenčina
čeština
PhysicalDescription:32 s. ilustr. 26 cm
Vydavateľské údaje: V Prahe Albatros 2017
ISBN:9788000046372
Vydanie:1. vyd.
Predmet:

MARC

LEADER 00000cam a2200000 a 4500
001 vtls011629086
003 SK-MaSNL
005 20260301181946.0
008 240318s2017 xr a brf 000 0 slo
015 |a SNBZSA2017/08 
020 |a 9788000046372  |q (viazané) 
035 |a urn:nbn:sk:snk-am00d07q 
035 |a urn:nbn:sk:snk-am3hh7k 
035 |a 82060604-CB03-47EB-9A4D-66AA11462FC4 
040 |a SNK  |b slo  |c SNK  |e AACR2 
041 1 |a slo  |h cze 
044 |a xr  |c CZ 
072 7 |a 629  |x Dopravné prostriedky  |2 konspekt 
072 7 |a 0/9-053.2  |x Literatúra pre deti a mládež (náučná)  |2 konspekt 
080 |a 629.331  |2 2011 
080 |a (084.11)  |2 2011 
080 |a 82-93-053.2  |2 2011 
080 |a (0.062)  |2 2011 
100 1 |a Růžička, Oldřich  |4 aut  |9 73551 
245 1 0 |a Príbeh auta  |c Oldřich Růžička ; ilustrovali Tomáš Pernický, Kateřina Makaloušová ; [z českého orig. ... preložila Ľuba Nguyenová Anhová] 
250 |a 1. vyd. 
260 |a V Prahe  |b Albatros  |c 2017 
300 |a 32 s.  |b ilustr.  |c 26 cm 
500 |a Pre nakladateľstvo Albatros pripravilo vydavateľstvo B4U Publishing 
650 0 7 |a automobily  |2 SNKPH  |9 18879 
650 0 7 |a Automobiles  |2 SNKPHeng  |9 265520 
655 7 |a publikácie pre deti  |2 SNKPH  |9 70148 
655 7 |a populárno-náučné publikácie  |2 SNKPH  |9 70460 
655 7 |a Children's literature  |2 SNKPHeng  |9 276039 
655 7 |a Popular works  |2 SNKPHeng  |9 90287 
655 7 |a obrazové publikácie  |2 SNKPH  |9 70343 
655 7 |a Pictorial works  |2 SNKPHeng  |9 284468 
700 1 |a Pernický, Tomáš  |4 ill  |9 165868 
700 1 |a Makaloušová, Kateřina  |4 ill  |9 555187 
700 1 |a Nguyenová Anhová, Ľuba  |4 trl  |9 121871 
752 |a Česko  |d Praha 
919 |a 978-80-00-04637-2 
958 |a ZS 
958 |a NB 
999 |c 851920  |d 853850 
952 |a SNK  |b SNK  |y PREZ  |7 0  |p 17A1270225  |o snkSB 91793  |i snk2017/17922  |8 4  |g 6.35  |0 0  |1 0  |4 0  |d 2017-06-20  |f 1  |l 0  |r 2025-05-13 00:00:00  |w 2026-02-24